[Event "Pyramiden Cup 2016"]
[Site "Fuerth"]
[Date "2016.09.03"]
[Round "5.40"]
[White "Schoebel, Klaus"]
[Black "Miosga, Stefan"]
[Result "0-1"]
[WhiteElo "1742"]
[BlackElo "1871"]
[PlyCount "76"]
[EventDate "2016.??.??"]
[WhiteTeam "SK Herzogenaurach"]
[BlackTeam "SP Plesse Bovenden"]

1. e4 c5 2. Nf3 Nc6 3. d4 cxd4 4. Nxd4 Nf6 5. Nc3 e5 6. Ndb5 d6 7. Nd5 Nxd5 8.
exd5 Nb8 9. c4 a6 10. Nc3 Bf5 11. Bd3 Bxd3 12. Qxd3 Nd7 13. b4 Rc8 14. Bb2 Qc7
15. O-O Qxc4 16. Qxc4 Rxc4 17. a3 Be7 18. Rac1 O-O 19. Ne2 Rfc8 20. Rxc4 Rxc4
21. Rc1 Rxc1+ 22. Bxc1 f5 23. Nc3 b5 24. f3 f4 25. Kf2 Nf6 26. Ke2 Kf7 27. Kd3
Ke8 28. g3 g5 29. g4 h6 30. a4 bxa4 31. Kc4 Bd8 32. b5 axb5+ 33. Nxb5 Kd7 34.
Ba3 Bc7 35. Nc3 Ba5 36. Bb4 Bxb4 37. Kxb4 e4 38. Kxa4 exf3 0-1

[Event "Pyramiden Cup 2016"]
[Site "Fuerth"]
[Date "2016.09.03"]
[Round "5.41"]
[White "Merkel, Luis"]
[Black "Mix, Thomas"]
[Result "0-1"]
[WhiteElo "1571"]
[BlackElo "1927"]
[PlyCount "54"]
[EventDate "2016.??.??"]
[WhiteTeam "SG Büchenbach/Roth"]
[BlackTeam "SF Brannenburg"]

1. e4 c5 2. Nf3 Nc6 3. d4 cxd4 4. Nxd4 g6 5. Be3 Bg7 6. Nc3 Nf6 7. Be2 d5 8.
exd5 Nxd5 9. Nxd5 Qxd5 10. Bf3 Qa5+ 11. c3 Ne5 12. Be2 a6 13. O-O O-O 14. f4
Nc6 15. Nxc6 bxc6 16. Bf3 Rb8 17. Qe2 Qc7 18. Rad1 e5 19. g3 Re8 20. Qg2 e4 21.
Bxe4 f5 22. Bxc6 Rxe3 23. Qd5+ Be6 24. Qc5 Re2 25. Rd7 Qc8 26. Rfd1 Bxd7 27.
Rxd7 Re6 0-1

[Event "Pyramiden Cup 2016"]
[Site "Fuerth"]
[Date "2016.09.03"]
[Round "5.42"]
[White "Friedel, Roland"]
[Black "Suess, Helmut"]
[Result "0-1"]
[WhiteElo "1651"]
[BlackElo "1910"]
[PlyCount "74"]
[EventDate "2016.??.??"]
[WhiteTeam "SF Drensteinfurt"]
[BlackTeam "SC NT Nürnberg"]

1. d4 Nf6 2. Nf3 e6 3. Bg5 b6 4. Nbd2 Bb7 5. e3 h6 6. Bh4 d6 7. Bd3 Nbd7 8. O-O
Be7 9. e4 g5 10. Bg3 Nh5 11. Qe2 Nxg3 12. hxg3 a6 13. e5 d5 14. c3 c5 15. Nh2
c4 16. Bc2 h5 17. f4 gxf4 18. Rxf4 Bg5 19. Rf3 Qe7 20. Raf1 f5 21. exf6 Nxf6
22. Qe5 Bxd2 23. Rxf6 O-O-O 24. Rf7 Qd6 25. Qxd6 Rxd6 26. Rf8+ Rxf8 27. Rxf8+
Rd8 28. Rxd8+ Kxd8 29. Bg6 Bc1 30. b3 cxb3 31. axb3 Bb2 32. Kf2 Bxc3 33. Ke3 e5
34. Bxh5 Bxd4+ 35. Kd3 Bf2 36. g4 Bh4 37. Nf3 e4+ 0-1

[Event "Pyramiden Cup 2016"]
[Site "Fuerth"]
[Date "2016.09.03"]
[Round "5.43"]
[White "Semenova, Alisa"]
[Black "Mikeler, Marcel"]
[Result "0-1"]
[WhiteElo "1646"]
[BlackElo "1833"]
[PlyCount "92"]
[EventDate "2016.??.??"]
[WhiteTeam "SC NT Nürnberg"]
[BlackTeam "Heilbronner SV"]

1. e4 c6 2. d4 d5 3. Nc3 dxe4 4. Nxe4 Bf5 5. Ng3 Bg6 6. Nf3 Nd7 7. Bd3 e6 8.
Bf4 Qa5+ 9. c3 Ngf6 10. Qc2 Bxd3 11. Qxd3 Nd5 12. Bd2 Qc7 13. O-O Be7 14. c4
N5f6 15. Rfe1 O-O 16. Rac1 Nb6 17. Ne5 Rad8 18. Bf4 Qc8 19. Qe3 Rfe8 20. Red1
c5 21. dxc5 Bxc5 22. Qf3 Be7 23. b3 a5 24. Ne4 Nxe4 25. Qxe4 Ba3 26. Rb1 f6 27.
Nf3 Nd7 28. Bd2 Nc5 29. Qc2 Qa8 30. Bc3 e5 31. Nd2 b6 32. b4 axb4 33. Bxb4 Bxb4
34. Rxb4 Rd6 35. h3 Red8 36. Rbb1 e4 37. Ra1 f5 38. g3 Nd3 39. Qb3 Kh8 40. Qc2
Qc6 41. a4 Qd7 42. Nb3 f4 43. g4 Rh6 44. Qe2 Rxh3 45. Qxe4 Qxg4+ 46. Qg2 Qh4
0-1

[Event "Pyramiden Cup 2016"]
[Site "Fuerth"]
[Date "2016.09.03"]
[Round "5.44"]
[White "Herlan, Klaus-Juergen"]
[Black "Meyer, Nico"]
[Result "1-0"]
[WhiteElo "1977"]
[BlackElo "1550"]
[PlyCount "55"]
[EventDate "2016.??.??"]
[WhiteTeam "SK Marmstorf"]
[BlackTeam "SC Bechhofen"]

1. Nf3 d5 2. d4 Nf6 3. e3 e6 4. Bd3 c5 5. c3 Nc6 6. Nbd2 Bd6 7. O-O O-O 8. dxc5
Bxc5 9. Qe2 b6 10. e4 Qc7 11. e5 Nd7 12. Re1 f6 13. exf6 Nxf6 14. h3 Bd7 15.
Nb3 Bd6 16. Nbd4 Nxd4 17. cxd4 Rac8 18. Ne5 Rfe8 19. Bg5 Rf8 20. Rac1 Qd8 21.
Nxd7 Qxd7 22. Rxc8 Qxc8 23. Qxe6+ Qxe6 24. Rxe6 Bc7 25. g3 h6 26. Bd2 Kf7 27.
Rc6 Rc8 28. Bf5 1-0

[Event "Pyramiden Cup 2016"]
[Site "Fuerth"]
[Date "2016.09.03"]
[Round "5.45"]
[White "Meyer, Robert"]
[Black "Thesing, Ansgar"]
[Result "0-1"]
[WhiteElo "1748"]
[BlackElo "1983"]
[PlyCount "118"]
[EventDate "2016.??.??"]
[WhiteTeam "SC Stein"]
[BlackTeam "SC Kreuzberg"]

1. d4 Nf6 2. g3 d5 3. Bg2 e6 4. Nf3 c5 5. c3 Nc6 6. O-O Be7 7. b3 O-O 8. Nbd2
Bd7 9. Bb2 b5 10. dxc5 Bxc5 11. Nd4 Qb6 12. e3 Rac8 13. Nxc6 Bxc6 14. b4 Be7
15. Qe2 Qb7 16. Nb3 Qb6 17. Nd4 Bd7 18. Rac1 Rc7 19. Nb3 Rfc8 20. Rfd1 a6 21.
a3 Bc6 22. Nd4 Bb7 23. f3 Nd7 24. f4 g6 25. h3 Bf6 26. Qf2 Bg7 27. Kh2 Nf6 28.
g4 Ne4 29. Bxe4 dxe4 30. Ne2 f5 31. Kg3 Bd5 32. gxf5 gxf5 33. Nd4 Rf7 34. Kh2
Qb7 35. Rg1 Kh8 36. Qd2 e5 37. Ne2 Bc4 38. fxe5 Bxe2 39. Qxe2 Bxe5+ 40. Kh1 f4
41. exf4 Rxf4 42. Rg4 Rxg4 43. hxg4 e3+ 44. Qg2 Qg7 45. Qf3 Qh6+ 46. Kg1 Bh2+
47. Kg2 Be5 48. Qh3 Qxh3+ 49. Kxh3 Rf8 50. Rc2 Rf3+ 51. Kg2 Rg3+ 52. Kf1 Rxg4
53. Rg2 Rc4 54. Rc2 Rf4+ 55. Ke2 Rf2+ 56. Kd3 Rxc2 57. Kxc2 h5 58. Kd1 h4 59.
Ke2 h3 0-1

[Event "Pyramiden Cup 2016"]
[Site "Fuerth"]
[Date "2016.09.03"]
[Round "5.46"]
[White "Kotitschke, Karlheinz"]
[Black "Michel, Philipp"]
[Result "1-0"]
[WhiteElo "1928"]
[BlackElo "1683"]
[PlyCount "120"]
[EventDate "2016.??.??"]
[WhiteTeam "SK Rothenburg"]
[BlackTeam "SC Erlangen"]

1. d4 Nf6 2. Bg5 g6 3. Bxf6 exf6 4. g3 Bg7 5. e3 O-O 6. Bg2 d6 7. Ne2 Nc6 8.
O-O Re8 9. c4 a5 10. Nbc3 Ra6 11. Qd2 Bh6 12. b3 Bg4 13. h3 Bxe2 14. Nxe2 Qe7
15. Rfb1 Nb4 16. Bxb7 Rb6 17. Bg2 Bxe3 18. fxe3 Qxe3+ 19. Qxe3 Rxe3 20. Kf2 Rd3
21. Rd1 c5 22. Rxd3 Nxd3+ 23. Ke3 Nb4 24. Kd2 h5 25. a3 Na6 26. Kc2 g5 27. Bf3
Nc7 28. dxc5 dxc5 29. Bxh5 Ne6 30. Bg4 Ng7 31. Rf1 Kf8 32. Nc3 Ne6 33. Bxe6
Rxe6 34. Kd2 Kg7 35. g4 Rb6 36. Nb5 Re6 37. Re1 Rc6 38. Re7 Rc8 39. Rd7 Ra8 40.
a4 Rb8 41. Kc3 Re8 42. Kd2 Rb8 43. Rc7 Rd8+ 44. Kc2 Re8 45. Rxc5 Re2+ 46. Kb1
Re1+ 47. Kb2 Re2+ 48. Ka3 Re1 49. Rd5 Ra1+ 50. Kb2 Rh1 51. Rd3 Rh2+ 52. Kc3 Rh1
53. c5 Re1 54. Kc4 Re4+ 55. Nd4 Re8 56. c6 Rc8 57. Kb5 Rb8+ 58. Ka6 Kf8 59. c7
Re8 60. Kb7 Ke7 1-0

[Event "Pyramiden Cup 2016"]
[Site "Fuerth"]
[Date "2016.09.03"]
[Round "5.47"]
[White "Riedl, Guenter"]
[Black "Dreiseitel, Werner"]
[Result "1-0"]
[WhiteElo "1879"]
[BlackElo "1599"]
[PlyCount "47"]
[EventDate "2016.??.??"]
[WhiteTeam "SK Marktoberdorf"]
[BlackTeam "SG Fürth"]

1. c4 c6 2. Nc3 Nf6 3. d4 d5 4. cxd5 Nxd5 5. Nf3 Bf5 6. Qb3 Nb6 7. e3 e6 8. Be2
N8d7 9. O-O Bd6 10. e4 Bg6 11. Bg5 Qb8 12. e5 Bc7 13. Bh4 O-O 14. Bg3 c5 15.
dxc5 Nxc5 16. Qb4 Nd3 17. Bxd3 Bxd3 18. Rfd1 Ba6 19. Rd4 Rd8 20. Rh4 Bd3 21.
Rc1 Nd5 22. Nxd5 Rxd5 23. Qe7 Bd8 24. Qe8# 1-0

[Event "Pyramiden Cup 2016"]
[Site "Fuerth"]
[Date "2016.09.03"]
[Round "5.48"]
[White "Lehmann, Tornalf"]
[Black "Lehmann, Patricia"]
[Result "1/2-1/2"]
[WhiteElo "1675"]
[BlackElo "1720"]
[PlyCount "81"]
[EventDate "2016.??.??"]
[WhiteTeam "SC Heilsbronn"]
[BlackTeam "SG 1871 Löberitz"]

1. e4 c5 2. d4 cxd4 3. c3 dxc3 4. Nxc3 Nc6 5. Nf3 d6 6. Bc4 e6 7. O-O Nf6 8.
Qe2 a6 9. Rd1 Qc7 10. Bf4 Ne5 11. Bb3 Be7 12. Rac1 Qb8 13. Nxe5 dxe5 14. Be3 b5
15. Qd3 O-O 16. f3 Bb7 17. a3 Rd8 18. Qc2 Nd7 19. Qf2 Nf8 20. Ba2 Rxd1+ 21.
Rxd1 Qe8 22. Qg3 Ng6 23. Qg4 Rd8 24. Re1 a5 25. Bb6 Ra8 26. Bb1 Qc6 27. Be3 Bc5
28. Bxc5 Qxc5+ 29. Kh1 b4 30. axb4 Qxb4 31. Re2 Rc8 32. Na2 Qc4 33. Nc3 Nf4 34.
Re1 Nd3 35. Bxd3 Qxd3 36. Qg5 f6 37. Qc1 Qc4 38. Qa1 Qc7 39. h3 Bc6 40. Qa2 Kf7
41. Rd1 1/2-1/2

[Event "Pyramiden Cup 2016"]
[Site "Fuerth"]
[Date "2016.09.03"]
[Round "5.49"]
[White "Kocak, Ediz"]
[Black "Gress, Patrick Daniel"]
[Result "0-1"]
[WhiteElo "1819"]
[BlackElo "1362"]
[PlyCount "64"]
[EventDate "2016.??.??"]
[WhiteTeam "SW Nürnberg Süd"]
[BlackTeam "SK Herzogenaurach"]

1. d4 Nf6 2. Nf3 g6 3. c4 Bg7 4. Nc3 d5 5. Bg5 Ne4 6. cxd5 Nxc3 7. bxc3 Qxd5 8.
Qb3 Qxb3 9. axb3 c5 10. e3 Nc6 11. Bb5 Bd7 12. Kd2 h6 13. Bh4 g5 14. Bg3 O-O
15. dxc5 Rfd8 16. Ke2 Bxc3 17. Rad1 g4 18. Nh4 Nd4+ 19. exd4 Bxb5+ 20. Ke3 Rd5
21. f3 Rad8 22. Be5 f6 23. Nf5 Kf7 24. Nxh6+ Kg6 25. Nxg4 fxe5 26. Nxe5+ Kg7
27. Ng4 Bxd4+ 28. Ke4 Bc6 29. Kf4 Bd7 30. Ne3 e5+ 31. Ke4 Rxc5 32. h4 Bc6+ 0-1

[Event "Pyramiden Cup 2016"]
[Site "Fuerth"]
[Date "2016.09.03"]
[Round "5.50"]
[White "Schulz, Horst"]
[Black "Hirn, Thomas"]
[Result "1-0"]
[WhiteElo "1739"]
[BlackElo "1734"]
[PlyCount "77"]
[EventDate "2016.??.??"]
[WhiteTeam "SC Höchstadt/Aisch"]
[BlackTeam "TuS Fürstenfeldbruck"]

1. d4 d6 2. e3 Nf6 3. Bd3 g6 4. Nf3 Bg7 5. O-O O-O 6. e4 Nbd7 7. c4 c5 8. d5
Nb6 9. Nc3 a6 10. Bg5 Qc7 11. Rc1 Bd7 12. Re1 e5 13. Qd2 Bg4 14. Nh4 Ne8 15. h3
Bd7 16. b3 a5 17. Be7 Nf6 18. Bxf8 Rxf8 19. Rf1 Qc8 20. Kh2 h5 21. Rb1 Kh7 22.
Nf3 Bh6 23. Ng5+ Kg7 24. f4 Nh7 25. h4 f6 26. g3 Kg8 27. Nxh7 exf4 28. Nxf6+
Rxf6 29. gxf4 Bh3 30. Rf2 Qg4 31. Ne2 Qxh4 32. Kg1 Qg4+ 33. Kh1 Qh4 34. Rh2
Rxf4 35. Nxf4 Bxf4 36. Qe2 Bxh2 37. Qxh2 g5 38. Rg1 g4 39. Bf1 1-0

[Event "Pyramiden Cup 2016"]
[Site "Fuerth"]
[Date "2016.09.03"]
[Round "5.51"]
[White "Schulz, Lukas"]
[Black "Adiyaman, Rene"]
[Result "1/2-1/2"]
[WhiteElo "2147"]
[BlackElo "1882"]
[PlyCount "55"]
[EventDate "2016.??.??"]
[WhiteTeam "SC Forchheim"]
[BlackTeam "DBSB"]

1. e4 e5 2. f4 Nc6 3. Nf3 f5 4. exf5 e4 5. Ne5 Nxe5 6. fxe5 Qe7 7. d4 exd3 8.
Qxd3 Qxe5+ 9. Be2 Bc5 10. Nc3 Nf6 11. Rf1 d6 12. h3 Bd7 13. g4 Bc6 14. Bd2
O-O-O 15. O-O-O Rhe8 16. Bf3 d5 17. Bh1 Ne4 18. Nxe4 dxe4 19. Qe2 Bd4 20. c3
Bb6 21. Bg5 Rxd1+ 22. Rxd1 h6 23. Bh4 Ba4 24. Re1 e3 25. Qc4 Qa5 26. Qd5 Qa6
27. c4 c6 28. Qf7 1/2-1/2

[Event "Pyramiden Cup 2016"]
[Site "Fuerth"]
[Date "2016.09.03"]
[Round "5.52"]
[White "Saathoff, Richard"]
[Black "Lindenmair, Anton"]
[Result "1-0"]
[WhiteElo "2119"]
[BlackElo "1997"]
[PlyCount "27"]
[EventDate "2016.??.??"]
[WhiteTeam "SW Nürnberg Süd"]
[BlackTeam "DBSB"]

1. e4 e5 2. f4 Bc5 3. Nf3 d6 4. Nc3 Nc6 5. Bb5 Bg4 6. Na4 Bb6 7. Nxb6 axb6 8.
O-O Nf6 9. h3 Bh5 10. g4 Bg6 11. f5 Nxe4 12. Qe1 Ng5 13. Nxg5 Qxg5 14. d4 1-0

[Event "Pyramiden Cup 2016"]
[Site "Fuerth"]
[Date "2016.09.03"]
[Round "5.53"]
[White "Eichstaedt, Mirko"]
[Black "Kornitzky, Tino"]
[Result "0-1"]
[WhiteElo "2236"]
[BlackElo "2045"]
[PlyCount "84"]
[EventDate "2016.??.??"]
[WhiteTeam "DBSB"]
[BlackTeam "SC Erlangen"]

1. d4 d5 2. c4 e6 3. Nc3 Nf6 4. cxd5 exd5 5. Bg5 Nbd7 6. e3 c6 7. Qc2 Be7 8.
Bd3 Nh5 9. Bxe7 Qxe7 10. O-O-O g6 11. g4 Ng7 12. Nf3 Nb6 13. h3 Be6 14. Kb1
O-O-O 15. Na4 Nxa4 16. Qxa4 Kb8 17. Rc1 h5 18. g5 Bf5 19. Bxf5 Nxf5 20. Ne5 Rc8
21. Rc5 Qxg5 22. Rhc1 Qe7 23. R1c3 Nd6 24. Ra3 a6 25. Qb4 Ne4 26. Rc4 c5 27.
Rxc5 Nxc5 28. Rc3 Ka8 29. Rxc5 Rxc5 30. Qxc5 Qxc5 31. dxc5 Rc8 32. b4 Rc7 33.
Kc2 Re7 34. Nf3 Kb8 35. Kd3 Re4 36. a3 f6 37. Ke2 Kc7 38. Ng1 Kc6 39. f4 d4 40.
Kd3 Rxe3+ 41. Kxd4 Rxa3 42. Kc4 b5+ 0-1

[Event "Pyramiden Cup 2016"]
[Site "Fuerth"]
[Date "2016.09.03"]
[Round "5.54"]
[White "Belezky, Alexander"]
[Black "Riegler, Dieter"]
[Result "1-0"]
[WhiteElo "2414"]
[BlackElo "2054"]
[PlyCount "65"]
[EventDate "2016.??.??"]
[WhiteTeam "FC Bayern München"]
[BlackTeam "DBSB"]

1. Nf3 Nf6 2. d4 g6 3. Nbd2 Bg7 4. e4 d6 5. Bd3 O-O 6. O-O c5 7. c3 Qc7 8. Re1
b6 9. Qe2 e5 10. dxe5 dxe5 11. Nf1 h6 12. Ng3 Be6 13. Bc4 Qe7 14. Nxe5 Bxc4 15.
Nxc4 Nc6 16. Bf4 Rfd8 17. a4 Ne8 18. Rad1 h5 19. Nf1 Ne5 20. Bxe5 Bxe5 21. g3
Rac8 22. f4 Bc7 23. e5 Bb8 24. Nfe3 Qe6 25. Rxd8 Rxd8 26. Rd1 Rxd1+ 27. Qxd1
Qe7 28. Qd5 Kg7 29. f5 Kh7 30. f6 Qc7 31. Nd6 Nxd6 32. exd6 Qd7 33. Nc4 1-0

[Event "Pyramiden Cup 2016"]
[Site "Fuerth"]
[Date "2016.09.03"]
[Round "5.55"]
[White "Plinz, Tim"]
[Black "Balhar, Michael"]
[Result "0-1"]
[WhiteElo "1060"]
[BlackElo "1769"]
[PlyCount "58"]
[EventDate "2016.??.??"]
[WhiteTeam "SK Schwanstetten"]
[BlackTeam "SC Erlangen"]

1. e4 c5 2. Nf3 e6 3. Nc3 a6 4. Bc4 b5 5. Be2 Bb7 6. d3 d5 7. exd5 exd5 8. d4
c4 9. O-O Nf6 10. Bg5 Be7 11. Re1 O-O 12. Qd2 Nbd7 13. Bf4 b4 14. Nd1 Ne4 15.
Qc1 Ndf6 16. Ne5 Re8 17. f3 Nd6 18. c3 Nf5 19. cxb4 Bxb4 20. Nc3 Nxd4 21. Qd2
Bc5 22. Kh1 Nh5 23. Be3 Nxe2 24. Rxe2 d4 25. Bxd4 Bxd4 26. Nxc4 Qf6 27. Rae1
Rxe2 28. Qxe2 Ng3+ 29. hxg3 Qh6# 0-1

[Event "Pyramiden Cup 2016"]
[Site "Fuerth"]
[Date "2016.09.03"]
[Round "5.56"]
[White "Siewert, Wolfgang"]
[Black "Boese, Christina"]
[Result "1-0"]
[WhiteElo "1736"]
[BlackElo "1555"]
[PlyCount "53"]
[EventDate "2016.??.??"]
[WhiteTeam "SV Ei Reichenbrand"]
[BlackTeam "SC Bechhofen"]

1. c4 e6 2. Nf3 Nf6 3. g3 b6 4. Bg2 Bb7 5. O-O d5 6. b3 c5 7. Bb2 Bd6 8. e3 O-O
9. cxd5 exd5 10. d4 Nbd7 11. Nc3 a6 12. Rc1 Rc8 13. Qe2 c4 14. Nd2 b5 15. bxc4
bxc4 16. Ncb1 Qb6 17. Bc3 Bb4 18. Bxb4 Qxb4 19. Nc3 Rb8 20. Qd1 Bc6 21. Qc2 Qb2
22. Nxc4 Qxc2 23. Rxc2 dxc4 24. Bxc6 Rb6 25. Bxd7 Nxd7 26. Rfc1 Rfb8 27. Na4
1-0

[Event "Pyramiden Cup 2016"]
[Site "Fuerth"]
[Date "2016.09.03"]
[Round "5.57"]
[White "Weissig, Kersten"]
[Black "Weissig, Timon"]
[Result "1/2-1/2"]
[WhiteElo "1232"]
[BlackElo "1020"]
[PlyCount "48"]
[EventDate "2016.??.??"]
[WhiteTeam "SV Deggendorf"]
[BlackTeam "SV Deggendorf"]

1. e4 e5 2. d4 exd4 3. Qxd4 Nc6 4. Qe3 d6 5. Nc3 Nf6 6. Bd2 g6 7. f4 Bg7 8.
O-O-O O-O 9. a3 Re8 10. Bb5 a6 11. Bc4 Ng4 12. Qf3 Bxc3 13. Bxc3 Rxe4 14. Bd3
Re8 15. h3 Nf6 16. g4 d5 17. f5 d4 18. Bd2 Ne5 19. Qg3 Nxd3+ 20. Qxd3 Ne4 21.
Be1 b5 22. Ne2 c5 23. Rf1 g5 24. Ng3 Bb7 1/2-1/2

[Event "Pyramiden Cup 2016"]
[Site "Fuerth"]
[Date "2016.09.03"]
[Round "5.58"]
[White "Mitin, Daniel"]
[Black "Suva, Karl"]
[Result "1-0"]
[WhiteElo "1146"]
[BlackElo "1646"]
[PlyCount "112"]
[EventDate "2016.??.??"]
[WhiteTeam "SG Büchenbach/Roth"]
[BlackTeam "vereinslos"]

1. e4 Nc6 2. Nf3 d6 3. Bb5 Bd7 4. O-O a6 5. Ba4 b5 6. Bb3 Bg4 7. Bd5 Qd7 8. c3
Rc8 9. d4 Nf6 10. Re1 e5 11. dxe5 Nxe5 12. Nbd2 c6 13. Bb3 c5 14. c4 b4 15. a3
a5 16. axb4 axb4 17. Ba4 Nc6 18. Nf1 Be7 19. Bg5 O-O 20. e5 Ne8 21. Bxe7 Qxe7
22. exd6 Qxd6 23. Qxd6 Nxd6 24. Bxc6 Rxc6 25. Ne5 Rc7 26. Nxg4 Nxc4 27. b3 Na3
28. Rac1 Rd8 29. Nge3 g6 30. Nc4 Rd3 31. Re3 Rcd7 32. Ne5 Rd1 33. Nxd7 Rxc1 34.
Re8+ Kg7 35. Rc8 c4 36. bxc4 b3 37. Rb8 Rc3 38. Nc5 b2 39. Rxb2 Nxc4 40. Rb3
Rc1 41. Ne4 f5 42. Rc3 Rb1 43. Rxc4 fxe4 44. Rxe4 Kf6 45. g3 Kf5 46. Rf4+ Ke5
47. Kg2 g5 48. Rf7 h5 49. f4+ gxf4 50. Rxf4 Re1 51. Kh3 Re2 52. Kh4 Ke6 53.
Kxh5 Re1 54. Nd2 Kd5 55. h4 Rg1 56. Rf5+ Kd4 1-0

[Event "Pyramiden Cup 2016"]
[Site "Fuerth"]
[Date "2016.09.03"]
[Round "6.1"]
[White "Kunin, Vitaly"]
[Black "Krivoborodov, Egor"]
[Result "1/2-1/2"]
[WhiteElo "2595"]
[BlackElo "2519"]
[PlyCount "119"]
[EventDate "2016.??.??"]
[WhiteTeam "Freibauer Mörlenbach"]
[BlackTeam "SC Garching"]

1. d4 Nf6 2. c4 c5 3. d5 b5 4. cxb5 a6 5. bxa6 g6 6. Nc3 Bg7 7. e4 O-O 8. a7
Rxa7 9. Nf3 Qa5 10. Nd2 Ba6 11. Bxa6 Qxa6 12. Qe2 e6 13. Nc4 exd5 14. exd5 Rb7
15. O-O Rb4 16. b3 Rxb3 17. axb3 Qxa1 18. Bb2 Qa8 19. Nd6 Qa6 20. Ncb5 Qa2 21.
Nc3 Qxb3 22. Rb1 Qb4 23. Nc4 Qb7 24. Ba3 Qc7 25. Nb5 Qf4 26. Bxc5 Re8 27. Be3
Qe4 28. Rd1 Qh4 29. h3 Na6 30. Nbd6 Rf8 31. Qf3 Ne8 32. Nxe8 Rxe8 33. Nd6 Rf8
34. Rc1 Qf6 35. Qxf6 Bxf6 36. Ne4 Be5 37. Kf1 Re8 38. Rc4 Nc7 39. Rxc7 Bxc7 40.
Nf6+ Kf8 41. Bc5+ d6 42. Nxe8 Kxe8 43. Bd4 Bd8 44. g4 Bg5 45. Ke2 Kd7 46. Kd3
f5 47. gxf5 gxf5 48. Ke2 Ke7 49. Bc3 Kf7 50. Kf3 Ke7 51. Bb4 Bh4 52. Kf4 Bxf2
53. Kxf5 Be3 54. Be1 Kf7 55. Bg3 Bc5 56. Bf4 Bb4 57. Kg5 Bc5 58. Kh6 Kg8 59.
Kg5 Kf7 60. Kf5 1/2-1/2

[Event "Pyramiden Cup 2016"]
[Site "Fuerth"]
[Date "2016.09.03"]
[Round "6.2"]
[White "Colpe, Malte"]
[Black "Ikonnikov, Vyacheslav"]
[Result "0-1"]
[WhiteElo "2394"]
[BlackElo "2538"]
[PlyCount "64"]
[EventDate "2016.??.??"]
[WhiteTeam "Hamburger SK"]
[BlackTeam "SF Bad Mergentheim"]

1. d4 Nf6 2. c4 e6 3. Nf3 b6 4. g3 Ba6 5. b3 Bb4+ 6. Bd2 Bxd2+ 7. Qxd2 c6 8.
Bg2 d5 9. Ne5 O-O 10. Nc3 Nfd7 11. Nxd7 Nxd7 12. O-O Rc8 13. cxd5 cxd5 14. Rfc1
Nf6 15. Qb2 Qe7 16. a3 Rc7 17. Na2 Rfc8 18. Bf1 h5 19. Rxc7 Rxc7 20. Rc1 Ne4
21. f3 Nd6 22. Rxc7 Qxc7 23. Qc3 Qe7 24. Qb4 g5 25. a4 g4 26. Nc3 Qc7 27. Kf2
h4 28. Bg2 gxf3 29. exf3 Bd3 30. Ne2 Bxe2 31. Kxe2 hxg3 32. hxg3 Nf5 0-1

[Event "Pyramiden Cup 2016"]
[Site "Fuerth"]
[Date "2016.09.03"]
[Round "6.3"]
[White "Miller, Eduard"]
[Black "Fedorovsky, Michael"]
[Result "1/2-1/2"]
[WhiteElo "2289"]
[BlackElo "2497"]
[PlyCount "79"]
[EventDate "2016.??.??"]
[WhiteTeam "SC Erlangen"]
[BlackTeam "FC Bayern München"]

1. Nf3 c5 2. g3 d5 3. Bg2 Nf6 4. O-O e6 5. d3 Nc6 6. Nbd2 g6 7. e4 Bg7 8. Re1
O-O 9. c3 a5 10. exd5 exd5 11. d4 cxd4 12. Nxd4 Nxd4 13. cxd4 a4 14. Nb1 Bg4
15. Qd3 Bf5 16. Qb5 Ne4 17. Be3 Re8 18. Nc3 a3 19. Nxe4 dxe4 20. bxa3 Rxa3 21.
Qxb7 Bxd4 22. Rad1 Rd3 23. Bf1 Bc3 24. Bxd3 exd3 25. Bb6 Rxe1+ 26. Rxe1 d2 27.
Rd1 Qd3 28. Qe7 Qf3 29. Qd8+ Kg7 30. Bd4+ Bxd4 31. Qxd4+ Kg8 32. Qd8+ Kg7 33.
Qxd2 Be4 34. Qb2+ Kh6 35. Qc1+ Kg7 36. Kf1 Qh1+ 37. Ke2 Bf3+ 38. Kd2 Bxd1 39.
Qxd1 Qd5+ 40. Ke1 1/2-1/2

[Event "Pyramiden Cup 2016"]
[Site "Fuerth"]
[Date "2016.09.03"]
[Round "6.4"]
[White "Pap, Misa"]
[Black "Loew, Gerald"]
[Result "1-0"]
[WhiteElo "2493"]
[BlackElo "2241"]
[PlyCount "79"]
[EventDate "2016.??.??"]
[WhiteTeam "SC Hansa Dortmund"]
[BlackTeam "TSV Bindlach"]

1. e4 c5 2. c3 d5 3. exd5 Qxd5 4. d4 g6 5. Nf3 Bg7 6. Na3 cxd4 7. Bc4 Qe4+ 8.
Be3 Nh6 9. Nb5 O-O 10. Bd3 Qd5 11. Bxh6 Bxh6 12. Nc7 Qa5 13. Nxa8 dxc3 14. b4
Bd2+ 15. Nxd2 cxd2+ 16. Kf1 Qe5 17. Rb1 Rd8 18. Be2 Bf5 19. Rb3 Nc6 20. g4 Be6
21. Re3 Qb8 22. b5 Nb4 23. a3 Nd5 24. Rd3 Nf4 25. Rxd2 Rxd2 26. Qxd2 Nxe2 27.
Qxe2 Qxa8 28. f3 Qc8 29. Kg2 Qc5 30. a4 h5 31. h3 Qb4 32. Rd1 Qxa4 33. Rd8+ Kh7
34. Qb2 f6 35. Re8 Qc4 36. Rxe7+ Kh6 37. Kg3 Qf1 38. g5+ Kxg5 39. Qd2+ Kf5 40.
Qf4# 1-0

[Event "Pyramiden Cup 2016"]
[Site "Fuerth"]
[Date "2016.09.03"]
[Round "6.5"]
[White "Reis, Gerhard"]
[Black "Braeuer, Franz"]
[Result "0-1"]
[WhiteElo "2193"]
[BlackElo "2406"]
[PlyCount "50"]
[EventDate "2016.??.??"]
[WhiteTeam "SW Nürnberg Süd"]
[BlackTeam "Erfurter SK"]

1. Nf3 d5 2. d4 Nf6 3. c4 e6 4. Nc3 c6 5. g3 dxc4 6. Ne5 b5 7. Bg2 a6 8. Nxc6
Qb6 9. Nxb8 Rxb8 10. O-O Bb7 11. e4 Be7 12. Be3 O-O 13. e5 Nd5 14. Ne4 Rbe8 15.
Qg4 f5 16. exf6 Nxf6 17. Nxf6+ Bxf6 18. d5 Qd6 19. Bf4 Qd8 20. Rad1 exd5 21.
Rd2 Bc8 22. Qh5 d4 23. Bd5+ Kh8 24. Bf7 Bg4 25. Qxg4 Rxf7 0-1

[Event "Pyramiden Cup 2016"]
[Site "Fuerth"]
[Date "2016.09.03"]
[Round "6.6"]
[White "Wenninger, Philipp"]
[Black "Goldsworthy, Patrick"]
[Result "1-0"]
[WhiteElo "2372"]
[BlackElo "2139"]
[PlyCount "117"]
[EventDate "2016.??.??"]
[WhiteTeam "SC Erlangen"]
[BlackTeam "SG Siemens Erlangen"]

1. d4 Nf6 2. Nf3 g6 3. c4 Bg7 4. Nc3 d6 5. e4 c5 6. dxc5 dxc5 7. Qxd8+ Kxd8 8.
Be3 b6 9. O-O-O+ Bd7 10. h3 Nc6 11. e5 Ne8 12. Bf4 Nc7 13. Bd3 Ne6 14. Be4 Rc8
15. Bg3 Ncd4 16. Rhe1 Ke8 17. Kb1 Bc6 18. Nd5 h5 19. Nxd4 Nxd4 20. Bh4 Bxd5 21.
Bxd5 e6 22. Bb7 Rb8 23. Ba6 Kf8 24. Re4 Kg8 25. f4 Kh7 26. Bf2 g5 27. Bxd4 cxd4
28. fxg5 Rbd8 29. h4 Rhf8 30. b4 Rfe8 31. Kc2 Re7 32. Kd3 Rdd7 33. Rf1 Kg8 34.
g4 hxg4 35. Rg1 Bf8 36. h5 Rc7 37. Rgxg4 Red7 38. a3 Bg7 39. Re2 Rd8 40. Rg3
Bf8 41. Rd2 b5 42. Bxb5 a6 43. Ba4 a5 44. g6 axb4 45. gxf7+ Kh7 46. axb4 Rxf7
47. c5 Ra7 48. Bc2 Kh8 49. Kc4 Ra2 50. h6 d3 51. Rgxd3 Rxd3 52. Kxd3 Bxh6 53.
Re2 Kg7 54. c6 Ra8 55. b5 Rd8+ 56. Kc4 Kf7 57. c7 Rc8 58. b6 Ke7 59. Kc5 1-0

[Event "Pyramiden Cup 2016"]
[Site "Fuerth"]
[Date "2016.09.03"]
[Round "6.7"]
[White "Walter, Florian"]
[Black "Milov, Leonid"]
[Result "0-1"]
[WhiteElo "2142"]
[BlackElo "2416"]
[PlyCount "62"]
[EventDate "2016.??.??"]
[WhiteTeam "SC NT Nürnberg"]
[BlackTeam "SC NT Nürnberg"]

1. c4 f5 2. Nf3 Nf6 3. g3 d6 4. Bg2 e5 5. Nc3 Be7 6. d4 e4 7. Ng5 d5 8. cxd5
Nxd5 9. Qb3 c6 10. Nh3 Nb6 11. Be3 Qd6 12. Rd1 Qb4 13. Qc2 N8d7 14. a3 Qc4 15.
b3 Qf7 16. Ng5 Qg6 17. h4 Nf6 18. b4 Nfd5 19. Bc1 h6 20. h5 Qf6 21. Nh3 Be6 22.
Nf4 Nxf4 23. Bxf4 Qf7 24. Qb1 Nc4 25. Bc1 O-O 26. e3 a5 27. Kf1 axb4 28. axb4
Na3 29. Qb2 Bb3 30. Re1 Nc4 31. Qb1 Bxb4 0-1

[Event "Pyramiden Cup 2016"]
[Site "Fuerth"]
[Date "2016.09.03"]
[Round "6.8"]
[White "Muetsch, Annmarie"]
[Black "Schunk, Eduard"]
[Result "1-0"]
[WhiteElo "2008"]
[BlackElo "2316"]
[PlyCount "57"]
[EventDate "2016.??.??"]
[WhiteTeam "SC Eppingen"]
[BlackTeam "vereinslos"]

1. e4 e5 2. Nf3 Nc6 3. Bc4 Nf6 4. d3 h6 5. c3 d6 6. Nbd2 g6 7. Nf1 Bg7 8. Ng3
O-O 9. Bb3 Qe7 10. O-O Nd8 11. Ne1 Ne6 12. Bxe6 fxe6 13. h4 Bd7 14. Nc2 Nh7 15.
h5 Qh4 16. hxg6 Nf6 17. Ne3 h5 18. Nh1 d5 19. f3 Be8 20. g3 Qh3 21. Rf2 d4 22.
Nf1 Ng4 23. fxg4 Bxg6 24. Rxf8+ Rxf8 25. Nf2 Rxf2 26. Kxf2 hxg4 27. Kg1 dxc3
28. bxc3 Bf8 29. Be3 1-0